[Event "Vienna Tschaturanga op"]
[Site "Vienna"]
[Date "2012.05.13"]
[Round "7"]
[White "Kunschek, Horst"]
[Black "Marjanovic, Slavko"]
[Result "1-0"]
[WhiteElo "1938"]
[BlackElo "1928"]
[PlyCount "77"]
[EventDate "2012.05.07"]
[EventType "swiss"]
[EventRounds "7"]
[EventCountry "AUT"]
[SourceTitle "CBM 148 Extra"]
[Source "ChessBase"]
[SourceDate "2012.06.22"]
[SourceVersion "1"]
[SourceVersionDate "2012.06.22"]
[SourceQuality "1"]

1. e4 e5 2. Nf3 Nc6 3. d4 exd4 4. c3 d5 5. exd5 Qxd5 6. cxd4 Nf6 7. Nc3 Bb4 8. a3 Bxc3+ 9. bxc3 0-0 10. Be2 h6 11. 0-0 Bf5 12. c4 Qd7 13. d5 Ne7 14. Bb2 Rfe8 15. Re1 Ng6 16. Nd4 Nf4 17. Bf3 Rxe1+ 18. Qxe1 Nd3 19. Qc3 Nxb2 20. Qxb2 Re8 21. Nxf5 Qxf5 22. Qxb7 Qe5 23. Rf1 a5 24. h3 Qd6 25. a4 Nd7 26. Qa7 Qb6 27. Qxb6 cxb6 28. Rb1 Rb8 29. d6 Kf8 30. Bc6 Nc5 31. d7 Ne6 32. Re1 Nc7 33. f4 g6 34. g4 f6 35. Kf2 Kf7 36. f5 g5 37. Kf3 Kf8 38. Rb1 Na6 39. Rxb6 1-0

[Event "Vienna Tschaturanga op"]
[Site "Vienna"]
[Date "2012.05.09"]
[Round "3"]
[White "Marjanovic, Slavko"]
[Black "Ganaus, Hannes"]
[Result "1/2-1/2"]
[WhiteElo "1928"]
[BlackElo "2302"]
[PlyCount "75"]
[EventDate "2012.05.07"]
[EventType "swiss"]
[EventRounds "7"]
[EventCountry "AUT"]
[SourceTitle "CBM 148 Extra"]
[Source "ChessBase"]
[SourceDate "2012.06.22"]
[SourceVersion "1"]
[SourceVersionDate "2012.06.22"]
[SourceQuality "1"]

1. d4 d5 2. Nf3 Nf6 3. c4 dxc4 4. e3 g6 5. Bxc4 Bg7 6. 0-0 0-0 7. Nc3 Ne8 8. h3 Nd6 9. Bb3 b5 10. a3 Bb7 11. Qe2 Ba6 12. Ne5 b4 13. Qf3 Bb7 14. Nxf7 Rxf7 15. Bxf7+ Kh8 16. Nd5 Nxf7 17. Qxf7 Bxd5 18. Qf4 b3 19. Bd2 Qd6 20. Qg4 Nd7 21. Rac1 Nf6 22. Qe2 a5 23. Rc5 a4 24. Bb4 Qd7 25. Rfc1 c6 26. Ra5 Rf8 27. Bc5 Ne4 28. Ra7 Qf5 29. Bxe7 Re8 30. Bb4 h5 31. Re7 Rxe7 32. Bxe7 Qe6 33. Bb4 Bh6 34. Be1 Ng5 35. Rc3 Ne4 36. Rc1 Ng5 37. Rc3 Ne4 38. Rc1 1/2-1/2

[Event "Vienna Tschaturanga op"]
[Site "Vienna"]
[Date "2012.05.08"]
[Round "2"]
[White "Ponjican, Erich"]
[Black "Marjanovic, Slavko"]
[Result "0-1"]
[WhiteElo "2124"]
[BlackElo "1928"]
[PlyCount "78"]
[EventDate "2012.05.07"]
[EventType "swiss"]
[EventRounds "7"]
[EventCountry "AUT"]
[SourceTitle "CBM 148 Extra"]
[Source "ChessBase"]
[SourceDate "2012.06.22"]
[SourceVersion "1"]
[SourceVersionDate "2012.06.22"]
[SourceQuality "1"]

1. e4 e5 2. Nf3 Nc6 3. Bb5 a6 4. Ba4 d6 5. c3 f5 6. d4 fxe4 7. Ng5 exd4 8. Nxe4 Nf6 9. Nxf6+ Qxf6 10. 0-0 Be7 11. Bb3 Be6 12. Bxe6 Qxe6 13. cxd4 Qf7 14. d5 Ne5 15. Qb3 0-0 16. Qxb7 Bh4 17. Qb3 Bxf2+ 18. Kh1 Qh5 19. h3 Rf3 20. Qxf3 Nxf3 21. Rxf2 Re8 22. Nd2 Nh4 23. Nf1 Re2 24. Rxe2 Qxe2 25. Ne3 Nf5 26. Nxf5 Qf1+ 27. Kh2 Qxf5 28. a4 Qe5+ 29. Kh1 Qxd5 30. Bf4 Qd4 31. Bg3 Qxb2 32. Re1 Qd4 33. Re7 c5 34. a5 c4 35. Rd7 d5 36. Rd6 c3 37. Rxa6 c2 38. Rc6 Qd1+ 39. Kh2 c1Q 0-1

[Event "Vienna Kavalier op 6th"]
[Site "Vienna"]
[Date "2011.10.28"]
[Round "5"]
[White "Marjanovic, Slavko"]
[Black "Hoebarth, Guenter"]
[Result "1-0"]
[WhiteElo "1949"]
[BlackElo "1986"]
[PlyCount "69"]
[EventDate "2011.10.24"]
[EventType "swiss"]
[EventRounds "7"]
[EventCountry "AUT"]
[SourceTitle "EXT 2012"]
[Source "ChessBase"]
[SourceDate "2011.11.24"]
[SourceVersion "1"]
[SourceVersionDate "2011.11.24"]
[SourceQuality "1"]

1. d4 d6 2. Nf3 Bg4 3. h3 Bh5 4. Bf4 Nf6 5. Nbd2 e6 6. e3 Be7 7. c4 c6 8. Qc2 Nbd7 9. Bd3 Qa5 10. 0-0 Bg6 11. a3 Bxd3 12. Qxd3 Qh5 13. e4 e5 14. Bg3 0-0 15. Rfd1 Rad8 16. Qb3 Rb8 17. c5 exd4 18. cxd6 Bd8 19. Nxd4 Bb6 20. N4f3 Rbe8 21. e5 Nd5 22. Nc4 Nc5 23. Qc2 Bd8 24. b4 Ne6 25. b5 cxb5 26. Rxd5 bxc4 27. Qxc4 Bb6 28. Rc1 Qg6 29. Kh2 f6 30. d7 Re7 31. Rd6 fxe5 32. Nxe5 Qh6 33. Ng4 Qg6 34. Re1 Rxf2 35. Bxf2 1-0

[Event "Vienna State-chB"]
[Site "Vienna"]
[Date "2011.09.18"]
[Round "9"]
[White "Marjanovic, Slavko"]
[Black "Kunschek, Horst"]
[Result "1-0"]
[WhiteElo "1949"]
[BlackElo "1969"]
[PlyCount "94"]
[EventDate "2011.09.10"]
[EventType "swiss"]
[EventRounds "9"]
[EventCountry "AUT"]
[SourceTitle "EXT 2013"]
[Source "ChessBase"]
[SourceDate "2012.11.22"]
[SourceVersion "1"]
[SourceVersionDate "2012.11.22"]
[SourceQuality "1"]

1. Nf3 Nc6 2. b3 e5 3. Bb2 e4 4. Nd4 Nxd4 5. Bxd4 Nf6 6. e3 d5 7. Be2 Be7 8. 0-0 0-0 9. d3 c5 10. Bb2 d4 11. exd4 cxd4 12. dxe4 Nxe4 13. Qxd4 Bf6 14. Qxd8 Rxd8 15. Bxf6 Nxf6 16. Na3 Bf5 17. Rfd1 Kf8 18. Bf3 Be4 19. Rxd8+ Rxd8 20. Rd1 Rxd1+ 21. Bxd1 a6 22. f3 Bf5 23. c4 Ke7 24. Bc2 Be6 25. Kf2 Kd6 26. Bd3 Kc5 27. Nc2 a5 28. Ke3 h5 29. a3 Bd7 30. b4+ axb4 31. axb4+ Kd6 32. Nd4 g6 33. Nb3 Ba4 34. Nc5 Bc6 35. Ne4+ Bxe4 36. Bxe4 b6 37. Kd4 Nd7 38. Bc2 Nb8 39. c5+ Kc7 40. cxb6+ Kxb6 41. Bb3 Nc6+ 42. Ke4 f5+ 43. Kf4 Nxb4 44. Ke5 Nc6+ 45. Kf6 g5 46. Kxf5 g4 47. fxg4 hxg4 1-0

[Event "Vienna State-chB"]
[Site "Vienna"]
[Date "2011.09.17"]
[Round "8"]
[White "Birg, Jovan"]
[Black "Marjanovic, Slavko"]
[Result "1-0"]
[WhiteElo "1992"]
[BlackElo "1949"]
[PlyCount "135"]
[EventDate "2011.09.10"]
[EventType "swiss"]
[EventRounds "9"]
[EventCountry "AUT"]
[SourceTitle "EXT 2013"]
[Source "ChessBase"]
[SourceDate "2012.11.22"]
[SourceVersion "1"]
[SourceVersionDate "2012.11.22"]
[SourceQuality "1"]

1. e4 e5 2. Nf3 Nc6 3. Bc4 Be7 4. c3 Nf6 5. d3 0-0 6. 0-0 d6 7. Re1 a6 8. Bb3 Be6 9. Bxe6 fxe6 10. Ng5 Qd7 11. Qb3 Nd8 12. d4 exd4 13. cxd4 h6 14. Nh3 Qe8 15. Qg3 Nh5 16. Qg4 Nf6 17. Qe2 Qb5 18. Qc2 Rc8 19. Nc3 Qe8 20. Bd2 Qf7 21. Re2 Nc6 22. Qd3 e5 23. Be3 Nxd4 24. Bxd4 exd4 25. Qxd4 Ng4 26. Nd5 Nf6 27. Ne3 g6 28. Rf1 Qxa2 29. f4 Qa5 30. Qd3 Qb5 31. Qc2 Kg7 32. Nf2 Qc5 33. Qd2 Qc6 34. e5 dxe5 35. fxe5 Nd7 36. Rc1 Qe6 37. Rce1 Nc5 38. Neg4 Bg5 39. Qc3 Na4 40. Qb4 Nb6 41. Re4 Rce8 42. Ne3 Bxe3 43. R4xe3 Nd5 44. Qc4 b5 45. Qb3 c5 46. Rg3 c4 47. Qc2 Rf5 48. Qe4 Ref8 49. Ng4 Qf7 50. h3 h5 51. e6 Rf1+ 52. Rxf1 Qxf1+ 53. Kh2 Qf5 54. Qd4+ Kh7 55. Rf3 Qxe6 56. Rxf8 Qd6+ 57. Ne5 Qxf8 58. Qxd5 Qf4+ 59. Kg1 Qc1+ 60. Kf2 Qxb2+ 61. Kg3 Qa3+ 62. Nf3 Qe7 63. h4 Qc7+ 64. Kh3 Qc8+ 65. Kh2 Qc7+ 66. Kh1 c3 67. Ng5+ Kh6 68. Qd4 1-0

[Event "Vienna State-chB"]
[Site "Vienna"]
[Date "2011.09.14"]
[Round "5"]
[White "Marjanovic, Slavko"]
[Black "Kottisch, Gustav"]
[Result "0-1"]
[WhiteElo "1949"]
[BlackElo "1998"]
[PlyCount "86"]
[EventDate "2011.09.10"]
[EventType "swiss"]
[EventRounds "9"]
[EventCountry "AUT"]
[SourceTitle "EXT 2013"]
[Source "ChessBase"]
[SourceDate "2012.11.22"]
[SourceVersion "1"]
[SourceVersionDate "2012.11.22"]
[SourceQuality "1"]

1. d4 Nf6 2. c4 g6 3. Nc3 Bg7 4. e4 d6 5. f3 e5 6. d5 Nfd7 7. Be3 Bh6 8. Bxh6 Qh4+ 9. g3 Qxh6 10. Qd2 Qxd2+ 11. Kxd2 a5 12. Bh3 Na6 13. Na4 Rf8 14. Ne2 f5 15. Rhf1 Nf6 16. Nec3 Bd7 17. Bg2 Ke7 18. Rae1 Rae8 19. b3 Kd8 20. Nb2 Nc5 21. Nd3 Nxd3 22. Kxd3 fxe4+ 23. Nxe4 Bf5 24. Kd2 Nxe4+ 25. fxe4 Bd7 26. Rxf8 Rxf8 27. Rf1 Rxf1 28. Bxf1 Ke7 29. a3 Kf6 30. b4 axb4 31. axb4 Kg5 32. Ke3 h5 33. h3 h4 34. g4 Bxg4 35. hxg4 Kxg4 36. Bg2 Kg3 37. Bh1 g5 38. b5 b6 39. Ke2 g4 40. Kf1 Kh2 41. Bf3 gxf3 42. Kf2 h3 43. Kf1 Kg3 0-1

[Event "Oberwart op"]
[Site "Oberwart"]
[Date "2011.07.13"]
[Round "5"]
[White "Groh, Jiri"]
[Black "Marjanovic, Slavko"]
[Result "1/2-1/2"]
[WhiteElo "2116"]
[BlackElo "1955"]
[PlyCount "71"]
[EventDate "2011.07.09"]
[EventType "swiss"]
[EventRounds "9"]
[EventCountry "AUT"]
[SourceTitle "CBM 143 Extra"]
[Source "ChessBase"]
[SourceDate "2011.08.29"]
[SourceVersion "1"]
[SourceVersionDate "2011.08.29"]
[SourceQuality "1"]

1. c4 e5 2. g3 d6 3. Bg2 g6 4. Nf3 Bg7 5. d4 exd4 6. Nxd4 Ne7 7. 0-0 0-0 8. Nc3 Nbc6 9. e3 Nxd4 10. exd4 Nc6 11. Be3 Re8 12. Nd5 h6 13. Qd2 Kh7 14. Rfe1 Ne7 15. Nxe7 Rxe7 16. d5 Qh8 17. Re2 b6 18. Bf3 Ba6 19. Rc1 Rae8 20. b3 Bc8 21. h4 h5 22. Bg5 Rxe2 23. Bxe2 Bf6 24. Bd3 Bxg5 25. Qxg5 Qe5 26. Qxe5 Rxe5 27. Kg2 Kg7 28. Rd1 Kf6 29. f4 Re7 30. Kf2 Bf5 31. Bxf5 Kxf5 32. Rd4 a5 33. Rd2 Re4 34. Kf3 Re7 35. Rd1 Re8 36. Rh1 1/2-1/2

[Event "Vienna Kavalier op 5th"]
[Site "Vienna"]
[Date "2010.10.31"]
[Round "3"]
[White "Gaspar, Zdravko"]
[Black "Marjanovic, Slavko"]
[Result "1-0"]
[WhiteElo "1863"]
[BlackElo "1966"]
[PlyCount "51"]
[EventDate "2010.10.28"]
[EventType "swiss"]
[EventRounds "7"]
[EventCountry "AUT"]
[SourceTitle "EXT 2011"]
[Source "ChessBase"]
[SourceDate "2010.11.26"]
[SourceVersion "1"]
[SourceVersionDate "2010.11.26"]
[SourceQuality "1"]

1. d4 Nf6 2. Nf3 b6 3. e3 Bb7 4. Bd3 e6 5. Nbd2 d5 6. Ne5 Be7 7. 0-0 0-0 8. f4 c5 9. c3 Nbd7 10. Qf3 Qc8 11. Re1 Ba6 12. Bb1 cxd4 13. exd4 Re8 14. Qh3 g6 15. Ndf3 Nxe5 16. fxe5 Nh5 17. g4 Ng7 18. Qh6 f5 19. Bg5 fxg4 20. Bf6 Bxf6 21. exf6 Nf5 22. Bxf5 Qc7 23. Bxe6+ Rxe6 24. Rxe6 gxf3 25. Re7 f2+ 26. Kxf2 1-0

[Event "St Veit op-B 29th"]
[Site "St Veit"]
[Date "2010.07.18"]
[Round "9"]
[White "Marjanovic, Slavko"]
[Black "Friedl, Gerhard"]
[Result "1/2-1/2"]
[WhiteElo "1966"]
[BlackElo "2007"]
[PlyCount "53"]
[EventDate "2010.07.10"]
[EventType "swiss"]
[EventRounds "9"]
[EventCountry "AUT"]
[SourceTitle "EXT 2011"]
[Source "ChessBase"]
[SourceDate "2010.11.26"]
[SourceVersion "1"]
[SourceVersionDate "2010.11.26"]
[SourceQuality "1"]

1. Nf3 d5 2. g3 e6 3. d4 f5 4. Bg2 Nf6 5. 0-0 Bd6 6. c4 c6 7. Nbd2 0-0 8. Ne5 Nbd7 9. Ndf3 Ne4 10. b3 Qe8 11. Nxd7 Bxd7 12. Ne5 Rd8 13. f3 Nf6 14. Bf4 Bc8 15. c5 Bxe5 16. Bxe5 Nd7 17. f4 Nxe5 18. fxe5 Qh5 19. e3 Qxd1 20. Raxd1 Bd7 21. b4 Ra8 22. Rb1 Rfb8 23. Rf2 a5 24. Rfb2 axb4 25. Rxb4 Bc8 26. a4 Ra5 27. Bf3 1/2-1/2

[Event "St Veit op-B 29th"]
[Site "St Veit"]
[Date "2010.07.17"]
[Round "8"]
[White "Raschun, Gerhard"]
[Black "Marjanovic, Slavko"]
[Result "0-1"]
[WhiteElo "2012"]
[BlackElo "1966"]
[PlyCount "113"]
[EventDate "2010.07.10"]
[EventType "swiss"]
[EventRounds "9"]
[EventCountry "AUT"]
[SourceTitle "EXT 2011"]
[Source "ChessBase"]
[SourceDate "2010.11.26"]
[SourceVersion "1"]
[SourceVersionDate "2010.11.26"]
[SourceQuality "1"]

1. e4 c5 2. Nf3 d6 3. d4 cxd4 4. Nxd4 Nf6 5. Nc3 a6 6. Bd3 e6 7. Be3 Be7 8. 0-0 0-0 9. h3 Qc7 10. Nf3 Nc6 11. Na4 b5 12. Nb6 Rb8 13. Nxc8 Rfxc8 14. c3 Na5 15. Re1 Nc4 16. Bc1 h6 17. a4 d5 18. exd5 Nxd5 19. axb5 axb5 20. Re4 Nf6 21. Re1 Nd5 22. Be4 Rd8 23. Qc2 Bf6 24. Nd4 Qb6 25. Bxd5 Rxd5 26. b3 Nd6 27. Be3 Qb7 28. Nf3 Nf5 29. Rac1 Nxe3 30. Rxe3 Rc8 31. Rd3 Rdc5 32. Qd2 R8c7 33. Nd4 e5 34. Ne2 Bg5 35. f4 exf4 36. Nxf4 Qe4 37. g3 R7c6 38. Re1 Bxf4 39. Rd8+ Kh7 40. Rh8+ Kg6 41. gxf4 Qd5 42. Qc2+ Qf5 43. Qg2+ Kf6 44. Re5 Qg6 45. Rxc5 Rxc5 46. Rb8 Kf5 47. b4 Rxc3 48. Qxg6+ fxg6 49. Rxb5+ Kxf4 50. Rb8 Kg3 51. Kf1 Kxh3 52. b5 Rb3 53. Ke2 g5 54. Kd2 g4 55. Kc2 Rf3 56. Rb7 Rf5 57. b6 0-1

[Event "SLO-chT2 West"]
[Site "Kranj"]
[Date "2008.10.17"]
[Round "5.1"]
[White "Marjanovic, Slavko"]
[Black "Biti, Ozren"]
[Result "1/2-1/2"]
[WhiteElo "1940"]
[BlackElo "2346"]
[PlyCount "98"]
[EventDate "2008.10.11"]
[EventType "team-swiss"]
[EventRounds "9"]
[EventCountry "SLO"]
[SourceTitle "EXT 2010"]
[Source "ChessBase"]
[SourceDate "2010.11.25"]
[SourceVersion "1"]
[SourceVersionDate "2010.11.25"]
[SourceQuality "1"]
[WhiteTeam "Upokojenci Komandant Stane"]
[BlackTeam "Hidria Tolmin"]
[WhiteTeamCountry "SLO"]
[BlackTeamCountry "SLO"]

1. d4 d6 2. e4 Nf6 3. Nc3 e5 4. Nge2 Be7 5. f3 0-0 6. Be3 exd4 7. Nxd4 d5 8. Nxd5 Nxd5 9. exd5 Qxd5 10. Nb3 Qxd1+ 11. Rxd1 Re8 12. Kf2 Nd7 13. c3 c6 14. Be2 Nb6 15. Nd4 Nd5 16. Bc1 Bc5 17. Rhe1 Bf5 18. Bc4 Nb6 19. Rxe8+ Rxe8 20. Bb3 Be6 21. Re1 Bxd4+ 22. cxd4 Kf8 23. Bxe6 Rxe6 24. Rxe6 fxe6 25. Ke3 Ke7 26. Ke4 Nd5 27. Bd2 Kd6 28. Bg5 b5 29. Bh4 a5 30. Bg3+ Kd7 31. Be5 g6 32. g4 a4 33. f4 b4 34. f5 exf5+ 35. gxf5 a3 36. bxa3 bxa3 37. fxg6 hxg6 38. Bf4 Ke6 39. Bd2 Nf6+ 40. Kd3 Ng4 41. h4 Kd5 42. Bb4 Nh6 43. Bxa3 Nf5 44. Bc1 Nxh4 45. a4 Nf5 46. Bb2 Nd6 47. a5 Nc4 48. Bc3 Nxa5 49. Bxa5 c5 1/2-1/2

[Event "SLO-chT2 West"]
[Site "Kranj"]
[Date "2008.10.11"]
[Round "1.1"]
[White "Beletic, Daniel"]
[Black "Marjanovic, Slavko"]
[Result "1-0"]
[WhiteElo "2220"]
[BlackElo "1940"]
[PlyCount "71"]
[EventDate "2008.10.11"]
[EventType "team-swiss"]
[EventRounds "9"]
[EventCountry "SLO"]
[SourceTitle "EXT 2010"]
[Source "ChessBase"]
[SourceDate "2010.11.25"]
[SourceVersion "1"]
[SourceVersionDate "2010.11.25"]
[SourceQuality "1"]
[WhiteTeam "Sezana"]
[BlackTeam "Upokojenci Komandant Stane"]
[WhiteTeamCountry "SLO"]
[BlackTeamCountry "SLO"]

1. d4 Nf6 2. c4 e6 3. Nf3 b6 4. g3 Ba6 5. b3 Bb4+ 6. Bd2 Be7 7. Bg2 c6 8. 0-0 0-0 9. Bc3 d5 10. Ne5 Nfd7 11. Nxd7 Nxd7 12. Nd2 f5 13. Re1 Nf6 14. Nf3 Ne4 15. Bb2 Qe8 16. Ne5 Rc8 17. Rc1 g5 18. f3 Nf6 19. e4 fxe4 20. fxe4 Bb4 21. Re3 Nxe4 22. Bxe4 dxe4 23. Rxe4 Rc7 24. Qg4 h6 25. Nd3 Bd2 26. Rd1 Ba5 27. d5 cxd5 28. Rxe6 Bc8 29. Qd4 Qxe6 30. Qh8+ Kf7 31. Rf1+ Qf5 32. Rxf5+ Bxf5 33. Qg7+ Ke8 34. Qxc7 Bxd3 35. Qc8+ Kf7 36. Qd7+ 1-0

[Event "Lienz op"]
[Site "Lienz"]
[Date "2007.02.13"]
[Round "5"]
[White "Farago, Ivan"]
[Black "Marjanovic, Slavko"]
[Result "1-0"]
[WhiteElo "2479"]
[BlackElo "2034"]
[PlyCount "49"]
[EventDate "2007.02.10"]
[EventType "swiss"]
[EventRounds "9"]
[EventCountry "AUT"]
[SourceTitle "EXT 2008"]
[Source "ChessBase"]
[SourceDate "2007.11.25"]
[SourceVersion "1"]
[SourceVersionDate "2007.11.25"]
[SourceQuality "1"]

1. d4 Nf6 2. c4 e6 3. Nf3 b6 4. a3 Bb7 5. Nc3 Be7 6. d5 0-0 7. e4 d6 8. Bd3 Re8 9. 0-0 Nbd7 10. Nd4 Nf8 11. Bc2 e5 12. Nf5 Bc8 13. Qf3 Ng6 14. g3 Bf8 15. Bg5 Be7 16. Ba4 Rf8 17. Bc6 Rb8 18. h4 Nd7 19. Be3 Bf6 20. b4 Ne7 21. Nh6+ Kh8 22. Ng4 Ng8 23. Nb5 a6 24. Na7 g6 25. Nxc8 1-0

[Event "Prague op-A 06th"]
[Site "Prague"]
[Date "2007.01.12"]
[Round "2"]
[White "Ganaus, Hannes"]
[Black "Marjanovic, Slavko"]
[Result "1/2-1/2"]
[WhiteElo "2341"]
[BlackElo "2034"]
[PlyCount "58"]
[EventDate "2007.01.11"]
[EventType "swiss"]
[EventRounds "9"]
[EventCountry "CZE"]
[SourceTitle "CBM 116 Extra"]
[Source "ChessBase"]
[SourceDate "2007.03.07"]
[SourceVersion "1"]
[SourceVersionDate "2007.03.07"]
[SourceQuality "1"]

1. Nf3 d5 2. c4 c6 3. e3 Bg4 4. cxd5 cxd5 5. Qb3 Bxf3 6. Qxb7 Nd7 7. gxf3 Qc8 8. Qxc8+ Rxc8 9. Nc3 Ngf6 10. d4 e6 11. Bb5 Bb4 12. Bd2 0-0 13. Na4 Bd6 14. 0-0 e5 15. Rac1 exd4 16. exd4 h6 17. Rxc8 Rxc8 18. Rc1 Rxc1+ 19. Bxc1 Kf8 20. Nc3 Ke7 21. Bc6 Ke6 22. Nb5 Bb8 23. a4 Nf8 24. Nc3 Ng6 25. Bb5 Nh4 26. Be2 Nh5 27. a5 Nf5 28. Be3 Nf4 29. a6 Nh4 1/2-1/2

[Event "Wch Seniors 16th"]
[Site "Arvier"]
[Date "2006.09.22"]
[Round "11"]
[White "Marjanovic, Slavko"]
[Black "Cavatorta, Fosco"]
[Result "0-1"]
[WhiteElo "1967"]
[BlackElo "2010"]
[PlyCount "92"]
[EventDate "2006.09.11"]
[EventType "swiss"]
[EventRounds "11"]
[EventCountry "ITA"]
[SourceTitle "CBM 114 Extra"]
[Source "ChessBase"]
[SourceDate "2006.11.03"]
[SourceVersion "1"]
[SourceVersionDate "2006.11.03"]
[SourceQuality "1"]

1. d4 d6 2. c4 e5 3. dxe5 dxe5 4. Nc3 Qxd1+ 5. Nxd1 Be6 6. e3 Bb4+ 7. Bd2 Bxd2+ 8. Kxd2 Nd7 9. Nc3 0-0-0 10. Rd1 Nb6+ 11. Kc1 Rxd1+ 12. Nxd1 Nxc4 13. b3 Nd6 14. Nf3 Bf5 15. Kb2 f6 16. Nc3 Ne7 17. Be2 Rd8 18. Rd1 g5 19. h3 c6 20. Nd2 Kc7 21. Bf3 Ng6 22. Be2 Nf8 23. Kc1 Ne6 24. Nc4 Nc5 25. Nxd6 Rxd6 26. Rxd6 Kxd6 27. Kd2 b5 28. b4 Ne4+ 29. Nxe4+ Bxe4 30. f3 Bd5 31. a3 a6 32. g4 Kc7 33. Kc3 Kb6 34. Bd3 a5 35. Be2 c5 36. Bd3 cxb4+ 37. axb4 a4 38. Be2 a3 39. Kc2 Bf7 40. Kc3 Bc4 41. Bd1 Kc6 42. Kc2 Kd6 43. Kc3 Ke7 44. Kc2 Kf7 45. Kc3 Kg6 46. Kc2 h5 0-1

[Event "Vienna op-A 15th"]
[Site "Vienna"]
[Date "2006.08.06"]
[Round "9"]
[White "Sadilek, Peter"]
[Black "Marjanovic, Slavko"]
[Result "1/2-1/2"]
[WhiteElo "2069"]
[BlackElo "1967"]
[PlyCount "95"]
[EventDate "2006.07.29"]
[EventType "swiss"]
[EventRounds "9"]
[EventCountry "AUT"]
[SourceTitle "CBM 113 Extra"]
[Source "ChessBase"]
[SourceDate "2006.09.14"]
[SourceVersion "1"]
[SourceVersionDate "2006.09.14"]
[SourceQuality "1"]

1. e4 e6 2. d4 d5 3. Nc3 Bb4 4. e5 Ne7 5. a3 Bxc3+ 6. bxc3 c5 7. Qg4 Nf5 8. Bd3 h5 9. Qf4 cxd4 10. Bxf5 exf5 11. cxd4 Nc6 12. Ne2 Be6 13. 0-0 h4 14. Rb1 Na5 15. Bd2 Rb8 16. Bxa5 Qxa5 17. Qg5 Qxa3 18. Ra1 Qb2 19. Qxg7 Kd7 20. Rfb1 Qxc2 21. Nf4 Rhg8 22. Qh6 Qe4 23. g3 hxg3 24. fxg3 Qxd4+ 25. Kh1 Qe4+ 26. Kg1 Qxe5 27. Nxe6 fxe6 28. Re1 Qd4+ 29. Kh1 Rge8 30. Rad1 Qc3 31. Qf4 Qc7 32. Qd4 b6 33. Qg7+ Re7 34. Rxd5+ Kc8 35. Qf8+ Kb7 36. Qf6 Rbe8 37. Rde5 Qc6+ 38. Kg1 Qc3 39. R1e3 Qd4 40. h4 a5 41. h5 Qd1+ 42. Kg2 Rc7 43. Re2 Rc2 44. Qf7+ Ka6 45. Qxe8 Rxe2+ 46. Rxe2 Qxe2+ 47. Kg1 b5 48. Qc6+ 1/2-1/2

[Event "Vienna op-A 15th"]
[Site "Vienna"]
[Date "2006.08.04"]
[Round "7"]
[White "Marjanovic, Slavko"]
[Black "Seiser, Kurt"]
[Result "1/2-1/2"]
[WhiteElo "1967"]
[BlackElo "2063"]
[PlyCount "39"]
[EventDate "2006.07.29"]
[EventType "swiss"]
[EventRounds "9"]
[EventCountry "AUT"]
[SourceTitle "CBM 113 Extra"]
[Source "ChessBase"]
[SourceDate "2006.09.14"]
[SourceVersion "1"]
[SourceVersionDate "2006.09.14"]
[SourceQuality "1"]

1. d4 d6 2. e4 Nf6 3. Nc3 e5 4. dxe5 dxe5 5. Qxd8+ Kxd8 6. Bc4 Be6 7. Bxe6 fxe6 8. Be3 Bd6 9. f3 Nbd7 10. 0-0-0 Ke7 11. Nb5 a6 12. Nxd6 cxd6 13. Ne2 Rac8 14. Rd3 Nc5 15. Bxc5 dxc5 16. Rhd1 Rhd8 17. Rxd8 Rxd8 18. Rxd8 Kxd8 19. Kd2 Kc7 20. Ke3 1/2-1/2

[Event "Vienna op-A 15th"]
[Site "Vienna"]
[Date "2006.08.03"]
[Round "6"]
[White "Ragger, Anna Christina"]
[Black "Marjanovic, Slavko"]
[Result "1-0"]
[WhiteElo "2096"]
[BlackElo "1967"]
[PlyCount "143"]
[EventDate "2006.07.29"]
[EventType "swiss"]
[EventRounds "9"]
[EventCountry "AUT"]
[SourceTitle "CBM 113 Extra"]
[Source "ChessBase"]
[SourceDate "2006.09.14"]
[SourceVersion "1"]
[SourceVersionDate "2006.09.14"]
[SourceQuality "1"]

1. g3 d5 2. Bg2 Nf6 3. Nf3 Bf5 4. c4 e6 5. 0-0 h6 6. cxd5 exd5 7. d4 c6 8. Nc3 Bd6 9. Bf4 0-0 10. Bxd6 Qxd6 11. a3 Nbd7 12. b4 a6 13. Nd2 Rfe8 14. Qb3 Qe6 15. a4 Bh3 16. e3 h5 17. Nf3 Bxg2 18. Kxg2 Ne4 19. Rfc1 Ndf6 20. Nxe4 Nxe4 21. b5 Qf5 22. Ra2 g5 23. bxc6 bxc6 24. Rxc6 h4 25. Ne5 Rab8 26. Qxd5 h3+ 27. Kf1 Rb1+ 28. Ke2 Reb8 29. Qxf7+ Qxf7 30. Nxf7 Kxf7 31. Kd3 Nf6 32. d5 Nxd5 33. Ke4 Ne7 34. Rxa6 R8b4+ 35. Ke5 R1b2 36. Rxb2 Rxb2 37. Rh6 g4 38. Kf4 Rb4+ 39. e4 Rxa4 40. Kxg4 Rxe4+ 41. Kxh3 Ng6 42. Rh5 Kf6 43. Ra5 Rb4 44. Ra2 Rc4 45. Kg2 Kf5 46. f3 Rb4 47. h3 Rc4 48. Ra5+ Kf6 49. g4 Ne5 50. Ra3 Ng6 51. Kg3 Rc1 52. h4 Rg1+ 53. Kf2 Rh1 54. h5 Nf4 55. Ra5 Nd3+ 56. Ke3 Ne5 57. Kf4 Nd3+ 58. Ke4 Nf2+ 59. Ke3 Nh3 60. Ra6+ Kf7 61. Ke4 Ng5+ 62. Kf4 Ne6+ 63. Kf5 Nd4+ 64. Ke4 Ne6 65. Ra3 Ng7 66. Ra5 Re1+ 67. Kf4 Ne6+ 68. Kg3 Rg1+ 69. Kf2 Rh1 70. Kg2 Rh4 71. Ra1 Kf6 72. Kg3 1-0

[Event "Villach Admira 60 op"]
[Site "Villach"]
[Date "2006.02.18"]
[Round "9"]
[White "Turian, Hans"]
[Black "Marjanovic, Slavko"]
[Result "1-0"]
[WhiteElo "2052"]
[BlackElo "2002"]
[PlyCount "75"]
[EventDate "2006.02.11"]
[EventType "swiss"]
[EventRounds "9"]
[EventCountry "AUT"]
[SourceTitle "CBM 110 Extra"]
[Source "ChessBase"]
[SourceDate "2006.03.10"]
[SourceVersion "2"]
[SourceVersionDate "2006.03.10"]
[SourceQuality "1"]

1. d4 e6 2. Nf3 d5 3. c3 Nf6 4. Bg5 Nbd7 5. Nbd2 c5 6. e3 h6 7. Bh4 Bd6 8. Bd3 0-0 9. 0-0 Qc7 10. Qe2 c4 11. Bc2 b5 12. e4 e5 13. dxe5 Bxe5 14. Nxe5 Qxe5 15. f4 Qc7 16. e5 Nh7 17. Qh5 a5 18. Nf3 Nc5 19. Rad1 Nd3 20. Bxd3 cxd3 21. Rxd3 Qc4 22. Rd4 Qxa2 23. f5 f6 24. e6 Bb7 25. Qg6 Bc6 26. Bf2 Qxb2 27. Rh4 Kh8 28. Be3 Be8 29. Qg3 Rg8 30. Bd4 Qc2 31. Ne1 Qd2 32. Nd3 b4 33. Nf4 bxc3 34. Bxc3 Qc2 35. Ng6+ Bxg6 36. fxg6 Ng5 37. Qxg5 Ra7 38. Rxh6+ 1-0